[Event "Paul Keres mem (35th)"]
[Site "Richmond CAN"]
[Date "2010.05.24"]
[Round "6.7"]
[White "Verdon, Norman"]
[Black "Milicevic, Dragoljub"]
[Result "1-0"]
[WhiteElo "2032"]
[BlackElo "2230"]
[PlyCount "69"]
[EventDate "2010.05.22"]
[EventType "swiss"]
[EventRounds "6"]
[EventCountry "CAN"]

1. e4 g6 2. d4 Bg7 3. Nf3 d6 4. Nc3 a6 5. Bg5 h6 6. Be3 Nc6 7. Bc4 b5 8. Bd5
Bb7 9. Bxc6+ Bxc6 10. d5 Bd7 11. Bd4 Nf6 12. e5 dxe5 13. Bxe5 O-O 14. O-O b4
15. Ne2 Bb5 16. a4 bxa3 17. b3 Bxe2 18. Qxe2 Qxd5 19. Rxa3 Qb5 20. c4 Qb6 21.
Rfa1 Rfd8 22. h3 Rd7 23. Qb2 c5 24. Qa2 Rda7 25. Ra4 Ne8 26. Bxg7 Nxg7 27. Qd2
Kh7 28. b4 cxb4 29. Rxb4 Qf6 30. Rba4 Nf5 31. Qf4 Kg7 32. c5 Rd8 33. g4 Nd4 34.
Qxf6+ exf6 35. Rxd4 1-0

[Event "Paul Keres mem (35th)"]
[Site "Richmond CAN"]
[Date "2010.05.24"]
[Round "6.8"]
[White "Trochtchanovitch, Pavel"]
[Black "Lai, Jingzhou (Peter)"]
[Result "1-0"]
[WhiteElo "2090"]
[BlackElo "1854"]
[PlyCount "127"]
[EventDate "2010.05.22"]
[EventType "swiss"]
[EventRounds "6"]
[EventCountry "CAN"]

1. e4 e6 2. d4 d5 3. Nc3 Nf6 4. e5 Nfd7 5. Nf3 c5 6. Be3 Nc6 7. Bb5 a6 8. Bxc6
bxc6 9. dxc5 Bxc5 10. Bxc5 Nxc5 11. Qd4 Nd7 12. Qg4 g6 13. h4 h5 14. Qf4 Rb8
15. Rb1 a5 16. a3 Ba6 17. Ng5 Qe7 18. Rh3 O-O 19. Nf3 Kg7 20. g4 hxg4 21. Qxg4
Rh8 22. h5 Rh6 23. hxg6 Rxg6 24. Qh5 Rg8 25. Kd2 Kf8 26. Re1 Qc5 27. Rh2 Ke8
28. Kc1 Nb6 29. Nd2 Rg2 30. Nde4 dxe4 31. Nxe4 Rxh2 32. Qxh2 Qf8 33. Nf6+ Kd8
34. Nxg8 Qxg8 35. Qh4+ Kc7 36. Qe7+ Kb8 37. Rd1 Bc8 38. Qc5 Kb7 39. f4 a4 40.
Qb4 Ka6 41. c4 c5 42. Qxc5 Qg3 43. Qd4 Qb3 44. c5 Qc4+ 45. Kb1 Qxd4 46. Rxd4
Nd5 47. Rxa4+ Kb5 48. Ra8 Bb7 49. Rb8 Kc6 50. b4 Nxf4 51. b5+ Kxb5 52. Rxb7+
Kxc5 53. Rxf7 Nd3 54. Re7 Kd5 55. Rd7+ Ke4 56. Rd6 Nc5 57. Rc6 Kd5 58. Rc8 Nd3
59. Rd8+ Ke4 60. Rxd3 Kxd3 61. a4 Kc4 62. Kc2 Kb4 63. Kd3 Kxa4 64. Kc4 1-0

[Event "Paul Keres mem (35th)"]
[Site "Richmond CAN"]
[Date "2010.05.24"]
[Round "6.10"]
[White "Lister, Curtis"]
[Black "Kyriakides, Savvas"]
[Result "0-1"]
[WhiteElo "1971"]
[BlackElo "2092"]
[PlyCount "88"]
[EventDate "2010.05.22"]
[EventType "swiss"]
[EventRounds "6"]
[EventCountry "CAN"]

1. e4 c5 2. Nf3 d6 3. d4 cxd4 4. Nxd4 Nf6 5. Nc3 a6 6. f3 e5 7. Nb3 Be6 8. Be3
Be7 9. Na4 Nbd7 10. c4 Rc8 11. Nd2 O-O 12. Be2 Ne8 13. b3 f5 14. Nc3 Bh4+ 15.
g3 f4 16. Bf2 Bg5 17. Nf1 Qa5 18. Qc2 b5 19. Rb1 bxc4 20. b4 Qc7 21. a4 Nef6
22. g4 Ne8 23. Nd2 Kh8 24. h4 Bd8 25. O-O Ndf6 26. g5 Nh5 27. Rfc1 h6 28. Nd5
Qf7 29. Bxc4 hxg5 30. hxg5 Qg6 31. Kf1 Ng3+ 32. Bxg3 fxg3 33. Kg2 Bxg5 34. Rh1+
Bh6 35. Ne7 Qg5 36. Nxc8 Bxc8 37. Be2 Nf6 38. Nf1 Nh5 39. Rxh5 Qxh5 40. Kxg3
Bf4+ 41. Kg2 Bh3+ 42. Kg1 Rf6 43. Nh2 Rg6+ 44. Ng4 Be3+ 0-1

[Event "Paul Maisonneuve mem."]
[Site "Gatineau CAN"]
[Date "2010.10.19"]
[Round "1"]
[White "Labelle, Raymond"]
[Black "Gagnon, Fabien"]
[Result "0-1"]
[WhiteElo "1407"]
[BlackElo "1960"]
[PlyCount "37"]
[EventDate "2010.10.19"]
[EventType "swiss"]
[EventRounds "5"]
[EventCountry "CAN"]

1. e4 c5 2. Nf3 e6 3. d4 cxd4 4. Nxd4 Nf6 5. Nc3 d6 6. Qf3 a6 7. Be2 Be7 8. Qg3
Qc7 9. O-O Nc6 10. Nxc6 Qxc6 11. Bf3 e5 12. Qxg7 Rg8 13. Qh6 Be6 14. h3 Rg6 15.
Qh4 Qd7 16. g4 Nxg4 17. Qg3 Nxf2 18. Bg4 Nxg4 19. Kh1 0-1

[Event "Paul Maisonneuve mem."]
[Site "Gatineau CAN"]
[Date "2010.10.26"]
[Round "2"]
[White "Gagnon, Fabien"]
[Black "Scantland, Patrick"]
[Result "1-0"]
[WhiteElo "1982"]
[BlackElo "1683"]
[PlyCount "63"]
[EventDate "2010.10.19"]
[EventType "swiss"]
[EventRounds "5"]
[EventCountry "CAN"]

1. e4 c5 2. Nf3 d6 3. d4 cxd4 4. Nxd4 Nf6 5. Nc3 a6 6. Be3 e5 7. Nb3 Be6 8. Qd2
Nbd7 9. f3 Rc8 10. g4 Nb6 11. g5 Nfd7 12. O-O-O Be7 13. h4 Nc4 14. Bxc4 Rxc4
15. h5 h6 16. gxh6 Rxh6 17. Nd5 Bxd5 18. Qxd5 Qc7 19. Qd3 Rh7 20. Rdg1 b5 21.
Nd2 Rc6 22. Nf1 Nc5 23. Qd2 b4 24. Kb1 a5 25. Ng3 Bf6 26. Nf5 Ne6 27. Rd1 Nd4
28. Nxd4 exd4 29. Bxd4 Bxd4 30. Qxd4 Rxc2 31. e5 dxe5 32. Qd3 1-0

[Event "Paul Maisonneuve mem."]
[Site "Gatineau CAN"]
[Date "2010.11.02"]
[Round "3"]
[White "Arsenault, Michel"]
[Black "Gagnon, Fabien"]
[Result "0-1"]
[WhiteElo "1837"]
[BlackElo "1982"]
[PlyCount "66"]
[EventDate "2010.10.19"]
[EventType "swiss"]
[EventRounds "5"]
[EventCountry "CAN"]

1. c4 e5 2. g3 Nf6 3. Bg2 d5 4. cxd5 Nxd5 5. Nc3 Nb6 6. Nf3 Nc6 7. O-O Be6 8.
d3 f6 9. a3 Qd7 10. Re1 O-O-O 11. b4 g5 12. Be3 h5 13. Ne4 Be7 14. Bc5 h4 15.
Bxe7 Qxe7 16. Nc5 hxg3 17. hxg3 Bh3 18. Bh1 Qh7 19. b5 Bf1 20. Nh4 Nd4 21.
Bxb7+ Kb8 22. Kxf1 gxh4 23. Rc1 Nxb5 24. a4 hxg3 25. fxg3 Qf5+ 26. Bf3 e4 27.
Nxe4 Nd4 28. Kg2 Nxf3 29. exf3 Qh3+ 30. Kf2 Qh2+ 31. Ke3 f5 32. Ng5 Nd5+ 33.
Kd4 Qb2+ 0-1

[Event "Paul Maisonneuve mem."]
[Site "Gatineau CAN"]
[Date "2010.11.09"]
[Round "4"]
[White "Gagnon, Fabien"]
[Black "Cossette, Daniel"]
[Result "1-0"]
[WhiteElo "1982"]
[BlackElo "1999"]
[PlyCount "85"]
[EventDate "2010.10.19"]
[EventType "swiss"]
[EventRounds "5"]
[EventCountry "CAN"]

1. e4 e5 2. Nf3 Nc6 3. d4 exd4 4. Nxd4 Nf6 5. Nxc6 bxc6 6. Bd3 Bc5 7. e5 Nd5 8.
Qg4 Kf8 9. O-O d6 10. Qa4 Bd7 11. exd6 cxd6 12. Nd2 Nb6 13. Qf4 d5 14. Nf3 Be6
15. Ng5 Qd6 16. Nxh7+ Kg8 17. Ng5 Qd7 18. Qg3 Re8 19. Bf4 f6 20. Nxe6 Qxe6 21.
Qg6 Nd7 22. Bf5 Qe7 23. Bxd7 Qxd7 24. Rfe1 Re6 25. Bd2 Qf7 26. Qf5 Rxe1+ 27.
Rxe1 g6 28. Qc8+ Kg7 29. Qxc6 Bf8 30. Bc3 Rh5 31. Bd4 Rf5 32. Qa6 Rf4 33. Bxa7
Qd7 34. Be3 Ra4 35. Qd3 Rxa2 36. Bd4 Bd6 37. g3 Ra8 38. Qf3 Qf7 39. c3 Ra2 40.
b4 Rb2 41. Qe3 Bf8 42. Ra1 Be7 43. Ra7 1-0

[Event "Paul Maisonneuve mem."]
[Site "Gatineau CAN"]
[Date "2010.11.16"]
[Round "5"]
[White "Guimond, Michel"]
[Black "Gagnon, Fabien"]
[Result "1-0"]
[WhiteElo "1938"]
[BlackElo "1982"]
[PlyCount "63"]
[EventDate "2010.10.19"]
[EventType "swiss"]
[EventRounds "5"]
[EventCountry "CAN"]

1. e4 c5 2. Nf3 d6 3. d4 cxd4 4. Nxd4 Nf6 5. Nc3 g6 6. Be3 Bg7 7. f3 O-O 8. Qd2
Nc6 9. Bc4 Bd7 10. Nxc6 bxc6 11. Bh6 Qb6 12. Bxg7 Kxg7 13. Na4 Qc7 14. Bb3 Rfd8
15. O-O c5 16. c4 Bxa4 17. Bxa4 Rab8 18. Bd1 Qb6 19. b3 Kg8 20. Bc2 Qb4 21. Qe3
Ne8 22. f4 e6 23. f5 exf5 24. exf5 Ng7 25. fxg6 fxg6 26. Be4 Re8 27. Qf3 a5 28.
Rf2 Qb6 29. Raf1 Qc7 30. Bd5+ Ne6 31. Qf6 Qe7 32. Re1 1-0

[Event "Pere Noel"]
[Site "Montreal CAN"]
[Date "2010.12.26"]
[Round "1"]
[White "Arsenault, Nicolas"]
[Black "Gerard, Patrice"]
[Result "1-0"]
[WhiteElo "2245"]
[BlackElo "1876"]
[PlyCount "39"]
[EventDate "2010.12.26"]
[EventType "swiss"]
[EventRounds "5"]
[EventCountry "CAN"]

1. e4 c5 2. Nf3 Nc6 3. Bb5 g6 4. Bxc6 bxc6 5. O-O Bg7 6. Re1 Qc7 7. h3 d5 8. e5
d4 9. d3 Ba6 10. b3 Rd8 11. Bg5 Rd5 12. Bf4 e6 13. Nbd2 Ne7 14. Ne4 Nc8 15. Qd2
Qb7 16. Bh6 f5 17. exf6 Bxh6 18. Qxh6 Rh5 19. Qg7 Rf8 20. Nfg5 1-0

[Event "Pere Noel"]
[Site "Montreal CAN"]
[Date "2010.12.26"]
[Round "1"]
[White "Auger, Bertrand"]
[Black "Castellanos, Renier"]
[Result "0-1"]
[WhiteElo "1928"]
[BlackElo "2482"]
[PlyCount "62"]
[EventDate "2010.12.26"]
[EventType "swiss"]
[EventRounds "5"]
[EventCountry "CAN"]

1. Nf3 Nf6 2. g3 g6 3. b4 d6 4. Bg2 e5 5. d3 Bg7 6. Bb2 O-O 7. c4 a5 8. a3 Re8
9. Nbd2 Na6 10. O-O Bd7 11. Bc3 axb4 12. axb4 c6 13. Qb1 Nc7 14. Qb2 Ne6 15.
Rxa8 Qxa8 16. Ra1 Qb8 17. Ra5 b6 18. Ra2 b5 19. cxb5 cxb5 20. Qa1 Nd5 21. Bb2
Nxb4 22. Ra7 Bc6 23. Bc3 Nd5 24. Bb2 Nb6 25. Nxe5 Bxg2 26. Nxf7 Bb7 27. Bxg7
Kxf7 28. Ne4 Nc8 29. Bh6 Qxa7 30. Qf6+ Kg8 31. Ng5 Bd5 0-1

[Event "Pere Noel"]
[Site "Montreal CAN"]
[Date "2010.12.26"]
[Round "1"]
[White "Forget, Luc"]
[Black "He, Shao Hang"]
[Result "1-0"]
[WhiteElo "1998"]
[BlackElo "1588"]
[PlyCount "89"]
[EventDate "2010.12.26"]
[EventType "swiss"]
[EventRounds "5"]
[EventCountry "CAN"]

1. d4 Nf6 2. c4 e6 3. Nf3 d5 4. g3 c5 5. cxd5 Nxd5 6. Bg2 Nc6 7. O-O Be7 8. Nc3
cxd4 9. Nxd5 exd5 10. Nxd4 Bf6 11. Be3 O-O 12. Rc1 Nxd4 13. Bxd4 Be6 14. Qd3
Bxd4 15. Qxd4 Qa5 16. a3 Rac8 17. h4 b6 18. Rfd1 Rc4 19. Qe5 Rfc8 20. Rxc4 dxc4
21. Qxa5 bxa5 22. Rc1 g6 23. e4 Rd8 24. Rc2 Rd4 25. f3 f5 26. Bh3 Kf7 27. exf5
Bxf5 28. Bxf5 gxf5 29. Kf2 f4 30. g4 Kf6 31. Ke2 a4 32. Rd2 Ke5 33. Rxd4 Kxd4
34. h5 Ke5 35. Kd2 Kd4 36. h6 Ke5 37. Kc3 Kf6 38. Kd4 Kg6 39. Ke5 Kg5 40. Ke4
Kxh6 41. Kxf4 Kg6 42. Ke5 Kg5 43. f4+ Kg6 44. Ke6 Kg7 45. Ke7 1-0

[Event "Pere Noel"]
[Site "Montreal CAN"]
[Date "2010.12.26"]
[Round "1"]
[White "Galbadrakh, Enkh-Amar"]
[Black "Pregent, Daniel"]
[Result "1-0"]
[WhiteElo "2197"]
[BlackElo "1845"]
[PlyCount "99"]
[EventDate "2010.12.26"]
[EventType "swiss"]
[EventRounds "5"]
[EventCountry "CAN"]

1. Nf3 Nf6 2. c4 e6 3. g3 d5 4. Bg2 Nbd7 5. b3 c6 6. O-O Bd6 7. d4 O-O 8. Bb2
Re8 9. Nbd2 e5 10. dxe5 Nxe5 11. cxd5 Nxd5 12. Nc4 Nxc4 13. bxc4 Nf6 14. Qc2
Ne4 15. Rad1 Qb6 16. Rxd6 Nxd6 17. c5 Qb5 18. cxd6 Rxe2 19. Re1 Rxe1+ 20. Nxe1
Qb4 21. Qc3 Qxc3 22. Bxc3 Be6 23. a3 Rd8 24. Bb4 c5 25. Bxc5 b6 26. Be3 Rxd6
27. Bf3 Bb3 28. Kg2 Bd5 29. Nc2 Bxf3+ 30. Kxf3 Rc6 31. Nd4 Rc5 32. Bd2 g6 33.
Ke4 f5+ 34. Kd3 Kf7 35. Bf4 Kf6 36. Bb8 Ra5 37. Bd6 g5 38. Kc4 a6 39. f4 b5+
40. Kb3 Ra4 41. Bb4 gxf4 42. gxf4 Kg6 43. h3 h6 44. h4 h5 45. Nc6 Kf6 46. Kc3
Ke6 47. Kd4 Kd7 48. Kd5 Kc7 49. Kc5 Kb7 50. Nd4 1-0

[Event "Pere Noel"]
[Site "Montreal CAN"]
[Date "2010.12.26"]
[Round "1"]
[White "Gueorguiev, Valentin"]
[Black "Larochelle, Martial"]
[Result "1-0"]
[WhiteElo "1856"]
[BlackElo "2206"]
[PlyCount "61"]
[EventDate "2010.12.26"]
[EventType "swiss"]
[EventRounds "5"]
[EventCountry "CAN"]

1. Nf3 f5 2. c4 Nf6 3. g3 g6 4. Bg2 Bg7 5. O-O O-O 6. Nc3 d6 7. d3 Nc6 8. Rb1
Nh5 9. Ng5 e6 10. f4 h6 11. Nf3 e5 12. e3 Be6 13. Bd2 Qd7 14. b4 e4 15. Nh4 Ne7
16. dxe4 Bxc4 17. Re1 Nf6 18. exf5 c6 19. Qc2 gxf5 20. Bh3 Be6 21. Ne2 Ne4 22.
Nd4 Bxd4 23. exd4 Nd5 24. Nxf5 Nxd2 25. Nxh6+ Kh8 26. Rxe6 Nf3+ 27. Kh1 Nxd4
28. Qb2 Qg7 29. Rxd6 Rae8 30. Nf7+ Qxf7 31. Qxd4+ 1-0

[Event "Pere Noel"]
[Site "Montreal CAN"]
[Date "2010.12.26"]
[Round "1"]
[White "Khassanov, Marat"]
[Black "Ramaswamy, Kiran"]
[Result "1-0"]
[WhiteElo "2282"]
[BlackElo "1899"]
[PlyCount "103"]
[EventDate "2010.12.26"]
[EventType "swiss"]
[EventRounds "5"]
[EventCountry "CAN"]

1. e4 c5 2. Nf3 Nc6 3. Nc3 g6 4. d4 cxd4 5. Nxd4 Bg7 6. Be3 d6 7. Be2 Nf6 8.
Nb3 O-O 9. O-O Bd7 10. f4 Rc8 11. Bf3 a6 12. Nd5 Nxd5 13. exd5 Na5 14. Nxa5
Qxa5 15. c3 b5 16. Bd4 Bxd4+ 17. Qxd4 Rc4 18. Qe3 e6 19. Bg4 Re8 20. dxe6 Bxe6
21. Bxe6 Rxe6 22. Qa7 b4 23. cxb4 Qxb4 24. f5 gxf5 25. Rxf5 Re1+ 26. Rxe1 Qxe1+
27. Rf1 Qe6 28. Qxa6 Rc2 29. Qa3 Qd5 30. Qf3 Qxf3 31. Rxf3 Rxb2 32. Rf2 Rb1+
33. Rf1 Rb5 34. a4 Ra5 35. Ra1 Kf8 36. Kf2 Ke7 37. Ke3 d5 38. Kd4 Kd6 39. g4
Rc5 40. h3 Rc4+ 41. Kd3 Kc6 42. a5 Kb7 43. Rf1 h5 44. Rxf7+ Ka6 45. g5 Rb4 46.
g6 Rb3+ 47. Kd4 Rxh3 48. Kxd5 Rg3 49. Rf6+ Kxa5 50. Ke6 h4 51. Kf7 h3 52. g7
1-0

[Event "Pere Noel"]
[Site "Montreal CAN"]
[Date "2010.12.26"]
[Round "1"]
[White "Leutschaft, Martin"]
[Black "Vassileva, Svetla"]
[Result "1/2-1/2"]
[WhiteElo "2127"]
[BlackElo "1732"]
[PlyCount "95"]
[EventDate "2010.12.26"]
[EventType "swiss"]
[EventRounds "5"]
[EventCountry "CAN"]

1. e4 e5 2. Bc4 Nc6 3. Nf3 Bc5 4. d3 Nf6 5. O-O h6 6. c3 O-O 7. d4 Bb6 8. dxe5
Nxe4 9. Qd5 Nc5 10. Bf4 d6 11. Qd1 Be6 12. Nbd2 dxe5 13. Nxe5 Qf6 14. Nxc6 Bxc4
15. Nxc4 Qxf4 16. Nxb6 axb6 17. Ne7+ Kh8 18. Nd5 Qd6 19. Qf3 Rad8 20. Rad1 f5
21. Nf4 Qf6 22. h4 g5 23. hxg5 hxg5 24. Nd5 Qf7 25. c4 Ne4 26. g4 c6 27. Nxb6
Rxd1 28. Rxd1 fxg4 29. Qxf7 Rxf7 30. Rd8+ Kg7 31. Rd7 Kg6 32. Rxf7 Kxf7 33. Kf1
Ke6 34. Ke2 g3 35. fxg3 Nxg3+ 36. Kf3 Nf5 37. a4 Ke5 38. b4 Kd4 39. c5 Ne3 40.
Nc8 g4+ 41. Kf4 Nd5+ 42. Kxg4 Nxb4 43. Nd6 Kxc5 44. Nxb7+ Kb6 45. Nd6 Ka5 46.
Nc4+ Kxa4 47. Ne5 c5 48. Nd7 1/2-1/2

[Event "Pere Noel"]
[Site "Montreal CAN"]
[Date "2010.12.26"]
[Round "1"]
[White "Luo, Zhao Yang"]
[Black "Bolduc, Steve"]
[Result "1-0"]
[WhiteElo "1924"]
[BlackElo "2288"]
[PlyCount "59"]
[EventDate "2010.12.26"]
[EventType "swiss"]
[EventRounds "5"]
[EventCountry "CAN"]

1. d4 c5 2. d5 e5 3. c4 d6 4. e4 Be7 5. Nc3 Nf6 6. Nf3 Nbd7 7. Be2 a6 8. O-O
Nf8 9. a3 Ng6 10. b4 b6 11. Rb1 O-O 12. Qc2 h6 13. Bd2 Nf4 14. Bxf4 exf4 15.
bxc5 bxc5 16. e5 Ng4 17. exd6 Bxd6 18. Na4 Bd7 19. h3 Ne5 20. Nxe5 Bxe5 21.
Nxc5 Bxh3 22. gxh3 f3 23. Bxf3 Rc8 24. Nd3 Bd6 25. Qa4 f5 26. c5 Qg5+ 27. Kh1
Rxc5 28. Rg1 Qd2 29. Rbd1 Qa2 30. Qd7 1-0

[Event "Pere Noel"]
[Site "Montreal CAN"]
[Date "2010.12.26"]
[Round "1"]
[White "Malveau, Cedric"]
[Black "Johnson, Jesse"]
[Result "1-0"]
[WhiteElo "1970"]
[BlackElo "2194"]
[PlyCount "78"]
[EventDate "2010.12.26"]
[EventType "swiss"]
[EventRounds "5"]
[EventCountry "CAN"]

1. e4 c5 2. Nc3 d6 3. g3 Nc6 4. Bg2 g6 5. d3 Bg7 6. Be3 e6 7. Qd2 Nd4 8. Nd1
Ne7 9. c3 h6 10. f4 Ndc6 11. Ne2 f5 12. Nf2 O-O 13. O-O b6 14. Rae1 Bb7 15. g4
Kh7 16. Ng3 Qc7 17. gxf5 gxf5 18. Qd1 Nb8 19. Nh3 Nd7 20. Bc1 Rae8 21. Nh5 Bh8
22. Rf3 c4 23. Rg3 cxd3 24. Qxd3 Nc5 25. Qc2 Nxe4 26. Bxe4 fxe4 27. Be3 Nf5 28.
Rg2 Rg8 29. Kf1 Qf7 30. Ng3 e5 31. Nf2 Nxe3+ 32. Rxe3 exf4 33. Ngxe4 Qc4+ 34.
Re2 Qxe2+ 35. Qxe2 Bxe4 36. Nxe4 f3 37. Nf6+ Bxf6 38. Qd3+ Kh8 39. Rxg8+ Kxg8
1-0

[Event "Pere Noel"]
[Site "Montreal CAN"]
[Date "2010.12.26"]
[Round "1"]
[White "Masse, Hugues"]
[Black "Wu, Qiyou"]
[Result "1/2-1/2"]
[WhiteElo "2181"]
[BlackElo "1825"]
[PlyCount "97"]
[EventDate "2010.12.26"]
[EventType "swiss"]
[EventRounds "5"]
[EventCountry "CAN"]

1. d4 d5 2. c4 e6 3. Nc3 Be7 4. Nf3 Nf6 5. Bf4 O-O 6. e3 Nbd7 7. a3 a6 8. cxd5
exd5 9. Bd3 c6 10. h3 Re8 11. O-O Nf8 12. b4 Bd6 13. Ne5 Ng6 14. Nxg6 hxg6 15.
Qf3 Be6 16. Rab1 Bxf4 17. Qxf4 Nh5 18. Qf3 Qg5 19. a4 f5 20. g3 Rf8 21. Qg2 Qf6
22. f4 g5 23. Kh2 gxf4 24. gxf4 Qh4 25. Ne2 Rf6 26. Ng1 Rh6 27. Nf3 Qe7 28. Ne5
Nf6 29. Rf3 Ng4+ 30. Kg1 Nxe5 31. fxe5 Rf8 32. b5 axb5 33. axb5 c5 34. Rbf1
cxd4 35. exd4 Qh4 36. Qf2 g6 37. Rg3 Kh7 38. Qf4 Rg8 39. Qe3 Qe7 40. Rf4 Rh4
41. Kh2 Rh6 42. Qg1 Rh4 43. Qf2 Rh5 44. Qg1 Rh4 45. Qf2 Rh5 46. Be2 Rh6 47. Bd3
Rh5 48. Be2 Rh6 49. Bd3 1/2-1/2

[Event "Pere Noel"]
[Site "Montreal CAN"]
[Date "2010.12.26"]
[Round "1"]
[White "Perna-Fraser, David"]
[Black "Dumont, Felix"]
[Result "0-1"]
[WhiteElo "1538"]
[BlackElo "1998"]
[PlyCount "70"]
[EventDate "2010.12.26"]
[EventType "swiss"]
[EventRounds "5"]
[EventCountry "CAN"]

1. d4 Nf6 2. c4 g6 3. Nc3 Bg7 4. Nf3 O-O 5. e4 d6 6. Be2 e5 7. d5 a5 8. O-O Na6
9. Be3 Ng4 10. Bd2 f5 11. Ng5 Nc5 12. f3 Nf6 13. Qc1 f4 14. Nh3 h5 15. Nf2 g5
16. Qd1 Rf7 17. a3 Bf8 18. Rb1 a4 19. h3 Bd7 20. Be1 Qc8 21. Kh2 g4 22. fxg4
hxg4 23. hxg4 Rh7+ 24. Kg1 Rg7 25. Bf3 Be7 26. Rc1 Nb3 27. Rc2 Nd4 28. Rd2 Kf7
29. Rd3 Qg8 30. Bd2 Nxf3+ 31. gxf3 Nxg4 32. Nxg4 Bxg4 33. Kf2 Bh3 34. Rg1 Bh4+
35. Ke2 Rg2+ 0-1

[Event "Pere Noel"]
[Site "Montreal CAN"]
[Date "2010.12.26"]
[Round "1"]
[White "Pretell Diaz, Carol"]
[Black "Ramaswamy, Kishor"]
[Result "0-1"]
[WhiteElo "1808"]
[BlackElo "2179"]
[PlyCount "108"]
[EventDate "2010.12.26"]
[EventType "swiss"]
[EventRounds "5"]
[EventCountry "CAN"]

1. c4 c6 2. Nc3 d5 3. cxd5 cxd5 4. d4 Nf6 5. Nf3 a6 6. Bg5 Ne4 7. e3 Nxg5 8.
Nxg5 e6 9. Nf3 b5 10. Rc1 Be7 11. Bd3 Nd7 12. O-O Bb7 13. Qe2 O-O 14. Rc2 b4
15. Na4 Qa5 16. b3 Rfc8 17. Rfc1 g6 18. h3 Rxc2 19. Rxc2 Rc8 20. h4 Qd8 21. g3
Rxc2 22. Qxc2 Qc8 23. Qe2 a5 24. Kg2 Qc1 25. Nh2 Bc6 26. Bb5 Nf6 27. Bxc6 Qxc6
28. Nf3 Ne4 29. Ne5 Qc8 30. Nd3 Qc7 31. Nf4 Bd6 32. f3 Nc3 33. Qc2 h6 34. Nxg6
Nxa4 35. Qxc7 Bxc7 36. Ne7+ Kf8 37. Nxd5 exd5 38. bxa4 f5 39. h5 f4 40. gxf4
Kf7 41. Kg3 Bb6 42. Kg4 Kf6 43. Kh3 Kf5 44. Kh4 Bxd4 45. exd4 Kxf4 46. Kh3 Kxf3
47. Kh4 Ke4 48. Kg4 Kxd4 49. Kf5 Kc3 50. Kg6 d4 51. Kxh6 d3 52. Kg7 d2 53. h6
d1=Q 54. h7 Qh1 0-1

[Event "Pere Noel"]
[Site "Montreal CAN"]
[Date "2010.12.26"]
[Round "1"]
[White "Robichaud, Louis"]
[Black "Xu, Tian Run"]
[Result "1-0"]
[WhiteElo "2082"]
[BlackElo "1635"]
[PlyCount "49"]
[EventDate "2010.12.26"]
[EventType "swiss"]
[EventRounds "5"]
[EventCountry "CAN"]

1. e4 c5 2. Nc3 d6 3. g3 Nf6 4. Bg2 e6 5. d3 Be7 6. f4 Nc6 7. Nf3 Bd7 8. O-O
O-O 9. h3 Rb8 10. e5 Nd5 11. Ne4 dxe5 12. fxe5 f6 13. c4 Nc7 14. exf6 gxf6 15.
Be3 Na6 16. Bh6 Re8 17. Nfg5 Ne5 18. Qh5 fxg5 19. Nxg5 Bxg5 20. Bxg5 Qc7 21.
Bf4 Re7 22. Bxe5 Be8 23. Qg4+ Rg7 24. Qxe6+ Bf7 25. Qf6 1-0

[Event "Pere Noel"]
[Site "Montreal CAN"]
[Date "2010.12.26"]
[Round "1"]
[White "Rousseau, Daniel"]
[Black "Brassard, Sylvain"]
[Result "1-0"]
[WhiteElo "2163"]
[BlackElo "1787"]
[PlyCount "37"]
[EventDate "2010.12.26"]
[EventType "swiss"]
[EventRounds "5"]
[EventCountry "CAN"]

1. e4 Nf6 2. e5 Nd5 3. d4 d6 4. Nf3 Bg4 5. Be2 c6 6. exd6 exd6 7. O-O Be7 8. c4
Nb6 9. Qb3 O-O 10. Re1 N8d7 11. a4 a5 12. Be3 Re8 13. Nc3 Qc8 14. h3 Bh5 15. c5
dxc5 16. dxc5 Nd5 17. Nxd5 cxd5 18. Qxd5 Nxc5 19. Qxh5 1-0

[Event "Pere Noel"]
[Site "Montreal CAN"]
[Date "2010.12.26"]
[Round "1"]
[White "Sambuev, Bator"]
[Black "Zhang, Zhiyuan"]
[Result "1-0"]
[WhiteElo "2555"]
[BlackElo "1951"]
[PlyCount "79"]
[EventDate "2010.12.26"]
[EventType "swiss"]
[EventRounds "5"]
[EventCountry "CAN"]

1. d4 Nf6 2. c4 g6 3. Nc3 d5 4. cxd5 Nxd5 5. e4 Nxc3 6. bxc3 Bg7 7. Nf3 O-O 8.
Be3 c5 9. Rc1 cxd4 10. cxd4 Nc6 11. d5 Ne5 12. Nxe5 Bxe5 13. f4 Bg7 14. Bc4 b6
15. O-O Bb7 16. Qb3 Rc8 17. Rfd1 Kh8 18. e5 f6 19. e6 Qd6 20. f5 gxf5 21. Rd4
a6 22. Bf4 Qc5 23. Qd3 b5 24. Bb3 Qb6 25. Rd1 Rg8 26. Qxf5 Qc5 27. Be3 Bf8 28.
Re4 Qc3 29. Bd4 Qa5 30. Rh4 Rg7 31. Be3 Kg8 32. Rg4 Rxg4 33. Qxg4+ Kh8 34. d6
Rd8 35. d7 b4 36. Bc2 b3 37. Bxb3 Bg7 38. Qd4 Qc7 39. Qc5 Qb8 40. Qxe7 1-0

[Event "Pere Noel"]
[Site "Montreal CAN"]
[Date "2010.12.26"]
[Round "1"]
[White "Voskanyan, Vahagn"]
[Black "Zhu, Hong Rui"]
[Result "0-1"]
[WhiteElo "2290"]
[BlackElo "1924"]
[PlyCount "160"]
[EventDate "2010.12.26"]
[EventType "swiss"]
[EventRounds "5"]
[EventCountry "CAN"]

1. Nf3 c5 2. c4 Nc6 3. Nc3 e5 4. d3 g6 5. g3 Bg7 6. Bg2 Nge7 7. O-O O-O 8. Be3
d6 9. Qc1 Nf5 10. Bg5 f6 11. Bd2 Be6 12. Ne1 Rc8 13. Nc2 Kh8 14. Ne3 Nxe3 15.
Bxe3 Qd7 16. Re1 f5 17. Nd5 Ne7 18. Nxe7 Qxe7 19. Rb1 a5 20. a3 b6 21. Qd2 Qf7
22. Bh6 Bxh6 23. Qxh6 f4 24. gxf4 exf4 25. b4 axb4 26. axb4 Rc7 27. bxc5 bxc5
28. Rb6 Bg4 29. Qg5 Bxe2 30. Rxd6 f3 31. Bf1 Re7 32. Qxc5 Rfe8 33. Qd4+ Kg8 34.
Qd5 Re6 35. Rxe6 Rxe6 36. Bh3 Re8 37. Qxf7+ Kxf7 38. Bf1 Rd8 39. Bxe2 fxe2 40.
Rxe2 Rxd3 41. Re4 Kf6 42. Kg2 Kf5 43. Re3 Rd6 44. Kg3 Rc6 45. Rf3+ Ke5 46. Rf4
g5 47. Rg4 h6 48. f3 Rc5 49. Re4+ Kf5 50. Kf2 h5 51. h3 Ra5 52. Rd4 Ke5 53. Ke3
Kf5 54. Rd8 Ke5 55. Re8+ Kf5 56. Rf8+ Ke5 57. Rd8 Kf5 58. Rd3 Ke5 59. Rb3 Ra4
60. Rb5+ Ke6 61. Rxg5 Rxc4 62. Rxh5 Kf6 63. Kf2 Kg6 64. Ra5 Rb4 65. Kg3 Rb1 66.
h4 Rb4 67. Re5 Ra4 68. Re4 Ra1 69. Kf4 Rf1 70. Re6+ Kh5 71. Re8 Ra1 72. Kf5
Kxh4 73. f4 Ra5+ 74. Re5 Ra6 75. Rb5 Kh5 76. Re5 Kh4 77. Rd5 Kh5 78. Re5 Kh4
79. Re1 Ra5+ 80. Kg6 Ra6+ 0-1

[Event "Pere Noel"]
[Site "Montreal CAN"]
[Date "2010.12.26"]
[Round "1"]
[White "Yun, Chang"]
[Black "Plante, Michel"]
[Result "1/2-1/2"]
[WhiteElo "1776"]
[BlackElo "2142"]
[PlyCount "112"]
[EventDate "2010.12.26"]
[EventType "swiss"]
[EventRounds "5"]
[EventCountry "CAN"]

1. e4 d6 2. d4 Nf6 3. Nc3 Nbd7 4. Nf3 e5 5. Bc4 Be7 6. Ng5 O-O 7. Bxf7+ Rxf7 8.
Ne6 Qe8 9. Nxc7 Qd8 10. Nxa8 b6 11. O-O Ba6 12. Re1 Qxa8 13. d5 Qf8 14. Be3 g6
15. a4 Nh5 16. Nb5 Qb8 17. c4 Bc8 18. a5 a6 19. Nc3 bxa5 20. Qc2 Bd8 21. Na4
Qc7 22. c5 Bh4 23. Rec1 dxc5 24. g3 Be7 25. Bxc5 Nxc5 26. Nxc5 Qb6 27. Na4 Qd4
28. Qxc8+ Kg7 29. Qc2 Nf6 30. Rd1 Qxe4 31. Qxe4 Nxe4 32. Re1 Nxf2 33. Rf1 Ng4
34. Rxf7+ Kxf7 35. Nc3 Bb4 36. Ne4 Ne3 37. d6 Ke6 38. Kf2 Ng4+ 39. Kg2 h5 40.
h3 Ne3+ 41. Kf3 Nc2 42. Rc1 Nd4+ 43. Kg2 Bxd6 44. Rc8 Be7 45. Ra8 Kf5 46. Nd2
e4 47. Rxa6 Bb4 48. Nc4 Nc2 49. Ra8 Ne1+ 50. Kf1 Nd3 51. Ne3+ Ke5 52. Re8+ Kd4
53. Nc2+ Kd5 54. Ne3+ Kd4 55. Nc2+ Kd5 56. Ne3+ Kd4 1/2-1/2